000 00677cam a2200193ua 4500
020 _c2.00
041 _ahin
_h
082 _a891.43
_bKHA/SA
110 1 _aKhadi and gramodyog commission .
_b
_c()
245 _aSahayatha vivaran
250 _a1 /
_b.
260 _aBombay :
_bKhadi and gramodyog commission ,
_c1965.
300 _a163 ; .
365 _a2.00
504 _a
942 _cBK
999 _c12740
_d12740